LEADER 01252nam a2200301 i 4500 001 991000470759707536 005 20230428150443.0 008 941118s1966 it 101 0 ita d 035 $ab10082438-39ule_inst 035 $aLE02516660 040 $aFac. Economia$bita 082 04$a346.073 082 04$a346.450922 082 04$a348.023 100 1 $aFragali, Michele$0109827 245 10$aDel mutuo :$bart. 1813-1822 /$cMichele Fragali 260 $aBologna :$bZanichelli ;$aRoma :$bSoc. ed. del Foro italiano,$c1966 300 $axix, 489 p. ;$c25 cm 490 1 $aCommentario del codice civile / a cura di Antonio Scialoja e Giuseppe Branca.$aLibro 4. : Delle obbligazioni 650 4$aMutuo 773 0 $tCommentario del Codice civile Scialoja-Branca. Libro quarto : Delle obbligazioni 907 $a.b10082438$b17-02-17$c27-06-02 912 $a991000470759707536 945 $aLE025 348 CCC/IV (ART.1813-1822)$g1$i2025000015371$lle025$o-$pE0.00$q-$rn$so$t0$u0$v0$w0$x0$y.i10094003$z27-06-02 945 $aLE027 346.45 CCC01.04 -art. 1813-1822$g1$i2027000288311$lle027$o-$pE0.00$q-$rl$so$t0$u3$v6$w3$x0$y.i15335070$z18-10-11 996 $aDel mutuo$9195708 997 $aUNISALENTO 998 $ale025$ale027$b01-01-94$cm$da$e-$fita$git$h0$i1 LEADER 02208nam0 22004333i 450 001 LO10365941 005 20251003044209.0 010 $a8815047735 020 $aIT$b96-618 100 $a20130827d1995 ||||0itac50 ba 101 | $aita 102 $ait 181 1$6z01$ai $bxxxe 182 1$6z01$an 200 1 $aˆL'‰organizzazione delle attività economiche$fAnna Grandori 210 $aBologna$cIl mulino$d[1995] 215 $a614 p.$d24 cm. 225 | $aStrumenti$i. Economia 410 0$1001CFI0011208$12001 $aStrumenti$i. Economia 606 $aOrganizzazione$2FIR$3CFIC020444$9E 606 $aAziende$xOrganizzazione$2FIR$3CFIC004905$9E 676 $a330$9ECONOMIA$v21 676 $a658.402$9GESTIONE DELLA DIREZIONE. ORGANIZZAZIONE INTERNA$v20 676 $a658.402$9GESTIONE ESECUTIVA. ORGANIZZAZIONE INTERNA$v21 696 $aOrganizzazione 696 $aImprese$aOrganizzazione 699 $aOrganizzazione$zOrganizzazione 699 $aAziende$yImprese 699 $aOrganizzazione$zOrganizzazione 801 3$aIT$bIT-000000$c20130827 850 $aIT-BN0095 $aIT-NA0070 901 $bNAP 01$cAZ $n$ 901 $bNAP BU$c4 B $nPropedeutica. Formato cm. 20,1-28. 901 $bNAP 01$cPOZZO LIB.$nVi sono collocati fondi di economia, periodici di ingegneria e scienze, periodici di economia e statistica e altri fondi comprendenti documenti di economia pervenuti in dono. 912 $aLO10365941 950 0$aBiblioteca Centralizzata di Ateneo$c1 v.$d 01AZ (AR) 18 843$e 01AR 0700188435 VMA 1 v.$fY $h20141125$i20141125$c1 v. in due copie$d 01POZZO LIB.ECON MON 8102$e 0101 0000103525E VMA 1 v. (stampa 1998. - Precedente collocazione: GUERRAZZI B 249)$fB $h20071008$i20071008$c1 v. in due copie$d 01POZZO LIB.ECON MON 8102$e 0101 0000103535E VMA (bis 1 v. (2. copia. - Precedente collocazione: GUERRAZZI B 249 (bis)$fB $h20071008$i20071008 977 $a 01$a BU 996 $aOrganizzazione delle attività economiche$9456176 997 $aUNISANNIO